Zpívej své duši na cestě domů : šamanismus pro současného člověka /

Hlavní autor: Matthews, Caitlin, 1952-
Jazyk: Čeština
Vydáno: Praha : Alternativa, 1997
Témata:
Fyzický popis: 292 s. : il. ; 21 cm
Knihy
Uloženo v:
LEADER 01147nam a2200337 a 4500
001 000191247
003 CZ BrMZK
005 20230627104323.0
008 960815s1997 xr e f cze d
015 |a cnb000211959 
020 |a 80-85993-28-7 
035 |a (OCoLC)37961931 
040 |a BOA001  |b cze 
072 7 |a 133  |x Ezoterismus. Okultismus  |2 Konspekt  |9 17 
080 |a 133.4:2-382  |2 MRF 
080 |a 165.24  |2 MRF 
080 |a 133.2  |2 MRF 
080 |a (035)  |2 MRF 
100 1 |a Matthews, Caitlin,  |d 1952-  |7 jn19981001827  |4 aut 
245 1 0 |a Zpívej své duši na cestě domů :  |b šamanismus pro současného člověka /  |c Caitlín Matthewsová. 
260 |a Praha :  |b Alternativa,  |c 1997 
300 |a 292 s. :  |b il. ;  |c 21 cm 
500 |a Bibliogr. 
650 0 7 |a šamanismus  |7 ph127795  |2 czenas 
650 0 7 |a meditační techniky  |7 ph135741  |2 czenas 
650 0 7 |a duchovní cvičení  |7 ph114371  |2 czenas 
655 7 |a příručky  |7 fd133209  |2 czenas 
765 0 |t Singing the soul back home 
910 |a BOA001  |b Z-1034.131 
990 |a BK 
996 6 |b 2610054092  |c Z-1034.131  |l MZK  |r Sklad / do 24 hodin  |n 11  |p p.v.  |w 000191247  |u 000010  |a 1  |e BOA001  |j MZK50  |s P